[Event "Charleville Mezieres op 14th"]
[Site "Charleville Mezieres"]
[Date "2017.12.26"]
[Round "5"]
[White "Joie, Sebastien"]
[Black "Monceau, Etienne"]
[Result "1-0"]
[WhiteElo "2363"]
[BlackElo "1987"]
[PlyCount "61"]
[EventDate "2017.12.26"]
[EventType "swiss"]
[EventRounds "7"]
[EventCountry "FRA"]
[SourceTitle "CBM 182 Extra"]
[Source "ChessBase"]
[SourceDate "2018.02.23"]
[SourceVersion "1"]
[SourceVersionDate "2018.02.23"]
[SourceQuality "1"]

1. d4 d5 2. c4 c6 3. Nf3 Nf6 4. g3 e6 5. Bg2 Bb4+ 6. Bd2 Bd6 7. Qc2 0-0 8. 0-0 b6 9. Bg5 Bb7 10. Nbd2 Be7 11. Rfd1 Nbd7 12. Rac1 Rc8 13. Qb1 h6 14. Bxf6 Nxf6 15. e4 dxc4 16. Nxc4 b5 17. Ne3 Qb6 18. b4 a5 19. a3 Rfd8 20. e5 Nd5 21. Ne1 axb4 22. Bxd5 bxa3 23. Ba2 Rxd4 24. Nc4 Qa7 25. Rxd4 Qxd4 26. Rd1 Qa7 27. Rd7 Bf8 28. Nd6 Bxd6 29. exd6 Qb6 30. Bxe6 fxe6 31. Qa1 1-0